000 00291nam a22000977a 4500
999 _c529363
_d529363
082 _aT16x54 In2
245 _aResurgent and Vibrant India @75, Re-energizing Cooperative Governance
_cby IIPA
260 _aNew Delhi
_bIIPA
_c2022
300 _a66p.
650 _aCooperative societies - India
_951637